Представление документа в формате RUSMARC

ПолеНазваниеЗначение
  Тип записи c
  Библиографический уровень m
001 Контрольный номер RU/УОНБ/EK_N/592241646
005 Дата корректировки 20250212114759.7
010 Индекс ISBN __
9 Тираж 1500 экз.
013 Номер (ISMN) __
a Номер (ISMN) 978-5-8114-1660-8
d Цена 182 р.
100 Данные общей обработки __
a Данные общей обработки 20181007d2014 u y0rusy0189 ca
101 Язык документа 0_
a Язык текста rus
f Язык титульного листа rus
102 Страна публикации __
a Страна публикации RU
125 Кодированные данные звукозаписи и нотных изданий __
a Форма изложения нотного текста u
128 Кодированные данные (звукозаписи-физические характеристики) __
a Кодированные данные: Музыкальная форма и тональность или лад zz
c Инструменты или голоса, рекомендуемые для солистов (устаревшее) vu
200 Заглавие и сведения об ответственности 1_
a Заглавие Эстрадно-джазовый вокальный тренинг
e Сведения, относящиеся к заглавию учебное пособие
f Первые сведения об ответственности Т. Н. Сморякова
g Последующие сведения об ответственности предисловие Е. М. Петровой
g Последующие сведения об ответственности рецензия И. А. Богданова
203 Вид содержания и тип средства __
a Вид содержания Музыка
b Характеристика содержания знаковая
c Тип средства непосредственная
210 Выходные данные 1_
a Место издания Санкт-Петербург
a Место издания Москва
a Место издания Краснодар
c Издательство Лань
c Издательство Планета музыки
d Дата издания 2014
215 Физическое описание __
a Объем 40 с.
d Формат 26 см
606 Тематические рубрики 0_
a Основная рубрика Учебные пособия
610 Ключевые слова 0_
a Ключевые слова учебные пособия; Сморякова Т. Н.
686 Индексы других классификаций __
a Классификационный индекс 85.943.91
2 Код системы rubbk
700 Автор _1
a Фамилия Сморякова
b Имя (инициалы) Т. Н.
g Полное личное имя Тамара Николаевна
702 Вторичная интеллектуальная ответственность _1
a Фамилия Петрова
b Имя (инициалы) Е. М.
4 Код отношения 080
702 Вторичная интеллектуальная ответственность _1
a Фамилия Богданов
b Имя (инициалы) И. А.
4 Код отношения 210
801 Источник записи _0
a Страна RU
b Организация Ульяновская ОНБ
c Дата составления 20181007
g Правила каталогизации RCR
801 Источник записи _1
a Страна RU
b Организация Ульяновская ОНБ
c Дата составления 20181007
g Правила каталогизации RCR
901 Тип документа __
t Тип документа m
909 Создатель записи __
a Создатель записи Лобина Л. И.
910 Корректоры записи __
a Корректор записи Грязнова И. Е.
b Дата внесения изменения в запись 20250212